College Football Abbreviations - Statistics

General Stats
  • This quiz has been taken 135 times
  • The average score is 65 of 121
Answer Stats
Team Abbrv. % Correct
Alabama ALA
83%
Arkansas ARK
78%
Appalachian State APP
77%
Akron AKR
76%
Arizona ARI
73%
Florida State FSU
73%
Auburn AUB
71%
Florida Atlantic FAU
70%
Arizona State ASU
69%
Baylor BAY
69%
California CAL
69%
Florida International FIU
69%
James Madison JMU
69%
Ohio State OSU
68%
Boston College BC
67%
Brigham Young BYU
67%
Louisiana State LSU
67%
Clemson CLEM
66%
East Carolina ECU
66%
Eastern Michigan EMU
66%
Liberty LIB
66%
Pittsburgh PITT
66%
Central Florida UCF
66%
Cincinnati CIN
65%
Houston HOU
65%
Georgia Tech GT
63%
Kansas State KSU
63%
Louisville LOU
63%
Nebraska NEB
63%
Nevada NEV
63%
Southern California USC
63%
South Florida USF
63%
Buffalo BUFF
62%
Miami MIA
62%
Ole Miss MISS
62%
Connecticut CONN
61%
Michigan MICH
61%
North Carolina State NCST
61%
Oregon ORE
61%
Texas Christian TCU
61%
North Carolina UNC
61%
Hawaii HAW
60%
Illinois ILL
60%
Massachusetts MASS
60%
Michigan State MSU
60%
Southern Methodist SMU
60%
Texas TEX
60%
Colorado COLO
59%
Tennessee TENN
59%
Ball State BALL
58%
Boise State BOIS
58%
Iowa State ISU
58%
Kent State KENT
58%
Memphis MEM
58%
Minnesota MINN
58%
Notre Dame ND
58%
Rutgers RUTG
58%
Virginia Tech VT
58%
Washington WASH
58%
Central Michigan CMU
57%
Purdue PUR
57%
South Carolina SC
57%
Toledo TOL
57%
Vanderbilt VAN
57%
Wisconsin WIS
57%
Wyoming WYO
57%
Stanford STAN
56%
Syracuse SYR
56%
Temple TEM
56%
Kentucky UK
56%
Louisiana UL
56%
Fresno State FRES
55%
Penn State PSU
55%
Texas A&M TA&M
55%
Georgia UGA
55%
Western Michigan WMU
54%
West Virginia WVU
54%
Kansas KU
53%
Louisiana Tech LT
53%
Missouri MIZ
53%
Northern Illinois NIU
53%
Old Dominion ODU
53%
San Diego State SDSU
53%
Colorado State CSU
52%
Texas Tech TTU
52%
Coastal Carolina CCU
51%
Indiana IU
51%
Kennesaw State KENN
51%
Western Kentucky WKU
51%
Florida FLA
48%
Oklahoma State OKST
48%
San Jose State SJSU
48%
South Alabama USA
48%
Wake Forest WAKE
48%
Washington State WSU
47%
Arkansas State ARST
46%
Louisiana-Monroe ULM
46%
North Texas UNT
46%
Oklahoma OU
42%
New Mexico State NMSU
40%
New Mexico UNM
40%
Utah State USU
40%
Oregon State ORST
39%
Virginia UVA
39%
Georgia State GAST
35%
Maryland MD
34%
Middle Tennessee MTSU
34%
Air Force AFA
32%
Sam Houston SHSU
32%
Southern Miss USM
31%
Georgia Southern GASO
30%
Texas State TXST
29%
Mississippi State MSST
28%
Miami (OH) M-OH
27%
Northwestern NU
20%
Marshall MRSH
19%
Bowling Green BGSU
18%
Charlotte CLT
17%
Tulsa TLSA
17%
Tulane TULN
14%
Jacksonville State JVST
8%
No matching quizzes found
Score Distribution
Percent of People with Each Score
Percentile by Number Answered
Your Score History
You have not taken this quiz